000 00454nam a2200157Ia 4500
008 210719s2005 xx 000 0 und d
041 _aeng
082 _a378.14 STAI
100 _aST ALOYSIUS COLLEGE
245 _aInternal Quality assurance cell (IQAC): report 2004-2005.
260 _aMangalore
_bSt. Aloysius College
_c2005
300 _a35
_bPB
365 _cRs
650 _aSt. Aloysius College
906 _aInternal Quality Assurance Cell NAAC
999 _c213996
_d213996